000 00780cam a22002413 4500
001 ocn435879524
003 TZ-ArACH
005 20120228141937.0
008 090904s2009 xx 000 0 eng d
020 _a9789004178618
035 _a(OCoLC)435879524
040 _aYDXCP
_cTZ-ArACH
_dBWX
041 _aeng
049 _aTZAA
050 4 _aJF1525
_b.O45 I67
245 0 0 _cedited by International ombudsman Institute and Linda C. Reif
_bvolume 10, 2006
_aInternational ombudsman yearbook/
260 _aLeiden :
_bMartinus Nijhoff Brill,
_c2009
300 _a174 p. ; 25 cm
500 _aV. 10.
650 _aOmbudspersons
_91524
942 _2lcc
_cBOOK
999 _c1278
_d1278